The 24 Tales of Beatrix Potter - Statistics

General Stats
  • This quiz has been taken 90 times
  • The average score is 10 of 24
Answer Stats
Answer % Correct
The Tale of Peter Rabbit
100%
The Tale of Jemima Puddle-Duck
87%
The Tale of Benjamin Bunny
77%
The Tale of Mr Jeremy Fisher
77%
The Tale of Mrs Tiggy-Winkle
76%
The Tale of Tom Kitten
66%
The Tale of Squirrel Nutkin
63%
The Tale of Mr Tod
52%
The Tailor of Gloucester
50%
The Tale of Samuel Whiskers, or The Roly-Poly Pudding
45%
The Tale of Pigling Bland
44%
The Tale of the Flopsy Bunnies
44%
The Tale of Two Bad Mice
39%
The Tale of Johnny Town-Mouse
31%
The Tale of the Pie and the Patty-Pan
31%
The Tale of Mrs Tittlemouse
27%
Appley Dapply's Nursery Rhymes
23%
The Tale of Ginger and Pickles
23%
Cecily Parsley's Nursery Rhymes
19%
The Story of a Fierce Bad Rabbit
19%
The Tale of Timmy Tiptoes
18%
The Story of Miss Moppet
16%
The Tale of Little Pig Robinson
16%
The Tale of Kitty-in-Boots
5%
No matching quizzes found
Score Distribution
Percent of People with Each Score
Percentile by Number Answered
Your Score History
You have not taken this quiz